<?xml version="1.0" encoding="UTF-8"?>
<marc:record xmlns:marc="http://www.loc.gov/MARC21/slim">
   <marc:leader>00000nam a2200000 a 4500</marc:leader>
   <marc:datafield ind1="0" ind2="0" tag="245">
      <marc:subfield code="a">Die drei Fragezeichen</marc:subfield>
   </marc:datafield>
   <marc:datafield ind1="0" ind2="0" tag="245">
      <marc:subfield code="b">Erbe des Drachen</marc:subfield>
   </marc:datafield>
   <marc:datafield ind1=" " ind2="1" tag="264">
      <marc:subfield code="a">München</marc:subfield>
      <marc:subfield code="b">Sony Pictures Home Entertainment</marc:subfield>
      <marc:subfield code="c">2023</marc:subfield>
   </marc:datafield>
   <marc:datafield ind1="1" ind2=" " tag="490">
      <marc:subfield code="a">9</marc:subfield>
   </marc:datafield>
   <marc:datafield ind1="1" ind2=" " tag="520">
      <marc:subfield code="a">Kaum in Transilvanien angekommen, häufen sich mysteriöse Ereignisse auf dem alten Schloss von Gräfin Codrina, das dem Film als Kulisse dient. Um herauszufinden, was es mit einem seit über 50 Jahren verschwundenen Jungen, einer geheimnisvollen Bruderschaft und einem rätselhaften Untoten auf sich hat, stürzen sich die drei Detektive in ein neues Abenteuer. Bald stehen nicht nur die Dreharbeiten und Peters Verhältnis zu seinem Vater, sondern auch die Freundschaft der drei ??? auf dem Spiel.</marc:subfield>
   </marc:datafield>
   <marc:datafield ind1=" " ind2=" " tag="020">
      <marc:subfield code="a">4030521759725</marc:subfield>
      <marc:subfield code="9">4030521759725</marc:subfield>
   </marc:datafield>
   <marc:datafield ind1="0" ind2=" " tag="490">
      <marc:subfield code="v">0</marc:subfield>
   </marc:datafield>
   <marc:datafield ind1=" " ind2=" " tag="300">
      <marc:subfield code="a">ca. 100 Min.</marc:subfield>
   </marc:datafield>
</marc:record>
